000 00603cam a2200193 4500
008 141203n 000 0 eng u
020 _a9780764589231
035 _a(Sirsi) a186532
050 _aQA 76.9 GEO 2005
100 _aGeorge, Rajesh
245 _aWrox's SQL server 2005 :
_bexpress edition starter kit /
_cRajesh George and Lance Delano.
260 _aIndianapolis :
_bWiley Publishing,
_c2006.
300 _axxiv, 353 p. :
_bill.
504 _aIncludes index.
650 _aSQL server.
650 _aClient/server computing.
650 _aDatabase management.
700 _aDelano, Lance
999 _c122777
_d122777